<?xml version="1.0" encoding="UTF-8"?>
<record
    xmlns:xsi="http://www.w3.org/2001/XMLSchema-instance"
    xsi:schemaLocation="http://www.loc.gov/MARC21/slim http://www.loc.gov/standards/marcxml/schema/MARC21slim.xsd"
    xmlns="http://www.loc.gov/MARC21/slim">

  <leader>01675nam2a22002651  4500</leader>
  <controlfield tag="001">RU\NLR\IC100\5000001964</controlfield>
  <controlfield tag="005">20250617043533.0</controlfield>
  <datafield tag="035" ind1=" " ind2=" ">
    <subfield code="a">(NLR Aleph) 002452289</subfield>
  </datafield>
  <datafield tag="090" ind1=" " ind2=" ">
    <subfield code="a">2174830</subfield>
    <subfield code="c">2174830</subfield>
  </datafield>
  <datafield tag="100" ind1=" " ind2=" ">
    <subfield code="a">20051107d1971    |||y0rusy50      ca</subfield>
  </datafield>
  <datafield tag="101" ind1="0" ind2=" ">
    <subfield code="a">rus</subfield>
  </datafield>
  <datafield tag="102" ind1=" " ind2=" ">
    <subfield code="a">RU</subfield>
  </datafield>
  <datafield tag="105" ind1=" " ind2=" ">
    <subfield code="a">y   ||||000|y</subfield>
  </datafield>
  <datafield tag="200" ind1="0" ind2=" ">
    <subfield code="a">&#x412;&#x44B;&#x43F;.90</subfield>
  </datafield>
  <datafield tag="210" ind1=" " ind2=" ">
    <subfield code="d">1971</subfield>
    <subfield code="a">&#x411;. &#x43C;.</subfield>
  </datafield>
  <datafield tag="225" ind1="1" ind2=" ">
    <subfield code="a">...</subfield>
    <subfield code="v">&#x412;&#x44B;&#x43F;.90</subfield>
    <subfield code="i">...</subfield>
    <subfield code="v">[&#x412;&#x44B;&#x43F;.1]</subfield>
  </datafield>
  <datafield tag="461" ind1=" " ind2="0">
    <subfield code="1">001RU\NLR\INFOCOMM18\1000022688</subfield>
    <subfield code="1">2001#$a&#x41C;&#x435;&#x436;&#x432;&#x443;&#x437;&#x43E;&#x432;&#x441;&#x43A;&#x438;&#x439; &#x441;&#x431;&#x43E;&#x440;&#x43D;&#x438;&#x43A; &#x43D;&#x430;&#x443;&#x447;&#x43D;&#x44B;&#x445; &#x442;&#x440;&#x443;&#x434;&#x43E;&#x432;$f&#x41A;&#x443;&#x439;&#x431;&#x44B;&#x448;&#x435;&#x432;. &#x433;&#x43E;&#x441;. &#x43F;&#x435;&#x434;. &#x438;&#x43D;-&#x442; &#x438;&#x43C;. &#x412;.&#x412;. &#x41A;&#x443;&#x439;&#x431;&#x44B;&#x448;&#x435;&#x432;&#x430;$v&#x412;&#x44B;&#x43F;.90</subfield>
    <subfield code="9">2398078</subfield>
    <subfield code="a">&#x41A;&#x443;&#x439;&#x431;&#x44B;&#x448;&#x435;&#x432;&#x441;&#x43A;&#x438;&#x439; &#x433;&#x43E;&#x441;&#x443;&#x434;&#x430;&#x440;&#x441;&#x442;&#x432;&#x435;&#x43D;&#x43D;&#x44B;&#x439; &#x43F;&#x435;&#x434;&#x430;&#x433;&#x43E;&#x433;&#x438;&#x447;&#x435;&#x441;&#x43A;&#x438;&#x439; &#x438;&#x43D;&#x441;&#x442;&#x438;&#x442;&#x443;&#x442; &#x438;&#x43C;&#x435;&#x43D;&#x438; &#x412;.&#x412;. &#x41A;&#x443;&#x439;&#x431;&#x44B;&#x448;&#x435;&#x432;&#x430;</subfield>
    <subfield code="c">&#x41A;&#x443;&#x439;&#x431;&#x44B;&#x448;&#x435;&#x432;</subfield>
    <subfield code="d">1938-</subfield>
    <subfield code="f">&#x41A;&#x443;&#x439;&#x431;&#x44B;&#x448;&#x435;&#x432;. &#x433;&#x43E;&#x441;. &#x43F;&#x435;&#x434;. &#x438;&#x43D;-&#x442; &#x438;&#x43C;. &#x412;.&#x412;. &#x41A;&#x443;&#x439;&#x431;&#x44B;&#x448;&#x435;&#x432;&#x430;</subfield>
    <subfield code="t">&#x41C;&#x435;&#x436;&#x432;&#x443;&#x437;&#x43E;&#x432;&#x441;&#x43A;&#x438;&#x439; &#x441;&#x431;&#x43E;&#x440;&#x43D;&#x438;&#x43A; &#x43D;&#x430;&#x443;&#x447;&#x43D;&#x44B;&#x445; &#x442;&#x440;&#x443;&#x434;&#x43E;&#x432;</subfield>
    <subfield code="v">&#x412;&#x44B;&#x43F;.90</subfield>
  </datafield>
  <datafield tag="462" ind1=" " ind2="0">
    <subfield code="1">001RU\NLR\IC100\5000001953</subfield>
    <subfield code="1">2001#$a&#x418;&#x437; &#x438;&#x441;&#x442;&#x43E;&#x440;&#x438;&#x438; &#x421;&#x440;&#x435;&#x434;&#x43D;&#x435;&#x433;&#x43E; &#x41F;&#x43E;&#x432;&#x43E;&#x43B;&#x436;&#x44C;&#x44F; &#x438; &#x41F;&#x440;&#x438;&#x443;&#x440;&#x430;&#x43B;&#x44C;&#x44F;$f&#x41C;-&#x432;&#x43E; &#x43F;&#x440;&#x43E;&#x441;&#x432;. &#x420;&#x421;&#x424;&#x421;&#x420;. &#x41A;&#x443;&#x439;&#x431;&#x44B;&#x448;&#x435;&#x432;&#x441;&#x43A;&#x438;&#x439; &#x433;&#x43E;&#x441;. &#x43F;&#x435;&#x434;. &#x438;&#x43D;-&#x442; &#x438;&#x43C;. &#x412;.&#x412;.&#x41A;&#x443;&#x439;&#x431;&#x44B;&#x448;&#x435;&#x432;&#x430;$v[&#x412;&#x44B;&#x43F;.1]</subfield>
    <subfield code="9">2174820</subfield>
    <subfield code="c">&#x41A;&#x443;&#x439;&#x431;&#x44B;&#x448;&#x435;&#x432;</subfield>
    <subfield code="d">1971-</subfield>
    <subfield code="f">&#x41C;-&#x432;&#x43E; &#x43F;&#x440;&#x43E;&#x441;&#x432;. &#x420;&#x421;&#x424;&#x421;&#x420;. &#x41A;&#x443;&#x439;&#x431;&#x44B;&#x448;&#x435;&#x432;&#x441;&#x43A;&#x438;&#x439; &#x433;&#x43E;&#x441;. &#x43F;&#x435;&#x434;. &#x438;&#x43D;-&#x442; &#x438;&#x43C;. &#x412;.&#x412;.&#x41A;&#x443;&#x439;&#x431;&#x44B;&#x448;&#x435;&#x432;&#x430;</subfield>
    <subfield code="t">&#x41C;&#x435;&#x436;&#x432;&#x443;&#x437;&#x43E;&#x432;&#x441;&#x43A;&#x438;&#x439; &#x441;&#x431;&#x43E;&#x440;&#x43D;&#x438;&#x43A; &#x43D;&#x430;&#x443;&#x447;&#x43D;&#x44B;&#x445; &#x442;&#x440;&#x443;&#x434;&#x43E;&#x432;. - &#x418;&#x437; &#x438;&#x441;&#x442;&#x43E;&#x440;&#x438;&#x438; &#x421;&#x440;&#x435;&#x434;&#x43D;&#x435;&#x433;&#x43E; &#x41F;&#x43E;&#x432;&#x43E;&#x43B;&#x436;&#x44C;&#x44F; &#x438; &#x41F;&#x440;&#x438;&#x443;&#x440;&#x430;&#x43B;&#x44C;&#x44F;</subfield>
    <subfield code="v">[&#x412;&#x44B;&#x43F;.1]</subfield>
  </datafield>
  <datafield tag="801" ind1=" " ind2="1">
    <subfield code="a">RU</subfield>
    <subfield code="b">InfoComm</subfield>
    <subfield code="c">20051107</subfield>
  </datafield>
  <datafield tag="801" ind1=" " ind2="0">
    <subfield code="a">RU</subfield>
    <subfield code="b">NLR</subfield>
    <subfield code="g">PSBO</subfield>
  </datafield>
  <datafield tag="852" ind1=" " ind2=" ">
    <subfield code="a">NLR</subfield>
    <subfield code="j">&#x41F;28/413</subfield>
  </datafield>
  <datafield tag="942" ind1=" " ind2=" ">
    <subfield code="c">ISSUE</subfield>
  </datafield>
  <datafield tag="980" ind1=" " ind2=" ">
    <subfield code="a">NB</subfield>
  </datafield>
  <datafield tag="980" ind1=" " ind2=" ">
    <subfield code="a">RUSPER</subfield>
  </datafield>
</record>
